000 00585nam a22001937a 4500
005 20251108173051.0
008 250721s2004 xx 000 0 eng d
020 _a821356763
082 1 4 _aWB/ 305.4/ GEN
245 1 0 _aGender and Development in the Middle East and North Africa :Woman in the Public Sphere /
264 1 _awashington :
_bThe International Bank For Reconstruction and Development,
_c2004.
300 _a198 P
650 1 7 _aWOMEN
650 1 7 _aWOMEN WORKERS
650 1 7 _aWOMENS RIGHTS
650 1 7 _aWOMEN IN DEVELOPMENT
942 _2ddc
_cBK
999 _c95307
_d95307